000 00186 a2200097 4500
020 _a9788420733753
041 _aspa
100 _aColin Hawkins
245 _aEl gato del mago
942 _cK
999 _c28785
_d28785